Tratado de contabilidad media y superior

Saved in:
Bibliografiske detaljer
Main Authors: Paton, William A. (autor), Gay, Edwin Francis (Author)
Format: Bog
Sprog:spansk
Udgivet: Buenos Aires El Ateneo 1964
Udgivelse:2a. ed
Fag:
Tags: Tilføj Tag
Ingen Tags, Vær først til at tagge denne postø!

MARC

LEADER 00000nam a2200000 a 4500
001 UCQ0633
003 CL-VaPUC
008 980703e19640000AG |||||||||||||||||spa|d
082 0 4 |a 657.044  |b PAT  |2 21 
100 |a Paton, William A.  |e autor  |9 413865 
700 0 |a Gay, Edwin Francis  |e author  |9 413866 
245 1 0 |a Tratado de contabilidad media y superior 
250 |a 2a. ed 
300 |a v 
942 |c BK 
945 |d 19980703 00:00:00  |a cmena 
260 |a Buenos Aires  |b El Ateneo  |c 1964 
500 |a v.1-2: Contabilidad media 
500 |a v.3-4: Contabilidad superior 
650 0 |a Contabilidad   |9 261430 
650 0 |a Costos   |9 261063 
650 0 |a Estados de cuentas  |9 352305 
650 0 |a Administración financiera  |9 261146 
650 0 |a Control presupuestario  |9 345693 
650 7 |a PLANIFICACION Y CONTROL  |2 CL-VaPUC  |9 413867 
583 |a last modification  |c 19980703 00:00:00  |k Rodrigo Vera 
999 |c 271671  |d 271669 
952 |0 0  |1 0  |4 0  |6 657_044000000000000_PAT_1964  |7 0  |8 P  |9 306395  |a BIBGIM  |b BIBGIM  |d 2019-11-20  |h v.1  |i 1428527  |o 657.044 PAT 1964  |p 1428527  |r 2025-01-15  |w 2019-11-20  |y BK  |k COM 
952 |0 0  |1 0  |4 0  |6 657_044000000000000_PAT_1964  |7 0  |8 P  |9 306396  |a BIBGIM  |b BIBGIM  |d 2019-11-20  |h v.2  |i 1428535  |o 657.044 PAT 1964  |p 1428535  |r 2025-01-15  |w 2019-11-20  |y BK  |k COM 
952 |0 0  |1 0  |4 0  |6 657_044000000000000_PAT_1964  |7 0  |8 P  |9 306397  |a BIBGIM  |b BIBGIM  |d 2019-11-20  |h v.3  |i 1428543  |o 657.044 PAT 1964  |p 1428543  |r 2025-01-15  |w 2019-11-20  |y BK  |k COM 
952 |0 0  |1 0  |4 0  |6 657_044000000000000_PAT_1964  |7 0  |8 P  |9 306398  |a BIBGIM  |b BIBGIM  |d 2019-11-20  |h v.4  |i 1428551  |o 657.044 PAT 1964  |p 1428551  |r 2025-01-15  |w 2019-11-20  |y BK  |k COM